Statistiques concernant 75 Peintres d'après leurs œuvres

Cliquez ici pour prendre le quiz!

Statistiques générales

  • Ce quiz a été pris 2 642 fois
  • Le résultat moyen est 30 sur 75

Statistiques - réponses

OeuvreOeuvreOeuvrePeintre% Correct
Les CoquelicotsImpression, soleil levantNymphéasClaude Monet
95%
Les Demoiselles d'AvignonGuernicaLe Vieux Guitariste aveuglePablo Picasso
95%
Les TounesolsLa Nuit étoiléeLes Mangeurs de pomme de terreVincent van Gogh
93%
La JocondeLa CèneHomme de VitruveLéonard de Vinci
87%
Le Déjeuner sur l'herbeOlympiaUn bar aux Folies BergèreEdouard Manet
84%
Le Jugement dernierPlafond de la chapelle SixtineTondo DoniMichel-Ange
75%
La Mort de SardanapaleLa Liberté guidant le peupleScène des massacres de ScioEugène Delacroix
73%
Le PrintempsLa Naissance de VénusL'Annonciation du CestelloSandro Botticelli
71%
AnxiétéLa MadoneLe CriEdvard Munch
70%
La Jeune Fille à la perleVue de DelftLa LaitièreJohannes Vermeer
68%
La Persistance de la mémoireNature morte vivanteMétamorphose de NarcisseSalvador Dalí
68%
Jeunes Filles en noirLe Déjeuner des canotiersLa LogeAuguste Renoir
65%
La Mort de MaratLe Serment des HoracesLe Sacre de NapoléonJacques-Louis David
64%
Le Christ jauneFemmes de TahitiManao TupapauPaul Gauguin
63%
Diptyque MarilynCampbell's Soup cansTen LizesAndy Warhol
61%
Le BaiserPortrait d'Adele Bloch-BauerDanaéGustave Klimt
60%
La Montagne Sainte-VictoireLes Joueurs de cartesLes Grandes BaigneusesPaul Cézanne
60%
La Ronde de nuitLeçon d'anatomie du docteur TulpLes Pèlerins d'EmmaüsRembrandt
60%
Le DésespéréUn Enterrement à OrnansL'Origine du mondeGustave Courbet
59%
Tres de mayoSaturne dévorant un de ses filsLa Maja nueFrancisco de Goya
58%
Les FileusesLes MéninesVénus à son miroirDiego Vélasquez
56%
Le Derby d'EpsomLe Radeau de la MéduseLes MonomanesThéodore Géricault
54%
L'AbsintheLa Petite Danseuse de quatorze ansBallet RehearsalEdgar Degas
53%
L'Ecole d'AthènesLa TransfigurationLe Triomphe de GalatéeRaphaël
53%
La Colonne briséeAutoportrait avec un singeLes Deux FridasFrida Kahlo
49%
L'Atelier rougeFemme au chapeauNu bleu (Souvenir de Biskra)Henri Matisse
48%
Au Moulin-RougeLa BlanchisseuseSalon de la rue des MoulinsHenri de Toulouse-Lautrec
47%
Les GlaneusesL'AngélusLa BecquéeJean-François Millet
46%
La Vocation de Saint-MatthieuJudith et HolopherneBacchusLe Caravage
42%
Le Fils de l'hommeGolcondeLa Trahison des imagesRené Magritte
42%
Le Dernier Voyage du TémérairePluie, vapeur et vitessePêcheurs en merJoseph Mallord William Turner
38%
Monochrome bleuAnthropométrie de l'époque bleueLe Rose du bleuYves Klein
38%
Les Raboteurs de parquetVue de toitsRue de Paris, temps de pluieGustave Caillebotte
37%
Portrait de Monsieur BertinLa Grande OdalisqueLa Grande BaigneuseJean-Auguste-Dominique Ingres
36%
L'Hermitage à PontoiseBoulevard Montmartre un matin d'hiverFenaison à EragnyCamille Pissarro
35%
Le Jardin des délicesLa Tentation de Saint-AntoineLa Nef des fousJérôme Bosch
35%
Improvisation avec formes froidesPeinture non objectiveCercles dans un cercleVassily Kandinsky
35%
Portrait de Vincent NubiolaPaysage Catalan (Le Chasseur)Nord-SudJoan Miró
33%
L'Erection de la croixLes Trois GrâcesLe Jugement de PârisPierre Paul Rubens
33%
Le VerrouLes Hasards Heureux de l'EscarpoletteLe Colin-MaillardJean-Honoré Fragonard
32%
Maisons à l'EstaqueLe Grand NuRoute près de l'EstaqueGeorges Braque
31%
Le Repas chez LeviLucrèceLes Noces de CanaPaul Véronèse
31%
Une baignade, AsnièresCirqueLes PoseusesGeorges Seurat
30%
La Bohémienne endormieMoi-mêmeLa Charmeuse de serpentsHenri Rousseau
29%
Vénus d'UrbinLa Femme au miroirCharles Quint à cheval à MühlbergTitien
29%
Moi et le villageLa Crucifixion blancheParis par la fenêtreMarc Chagall
28%
Composition II en rouge, bleu et jauneBroadway Boogie-WoogieArbre ArgentéPiet Mondrian
28%
Nu assisCaryatideLa Femme à l'évantailAmedeo Modigliani
27%
Falaises de craie sur l'île de RügenLes Âges de la vieLe Voyageur contemplant une mer de nuagesCaspar David Friedrich
27%
Autumn RythmMuralOne: Number 31, 1950Jackson Pollock
25%
Etudes d'après le portrait du pape Innocent X par VelázquezPortrait of George Dyer TalkingTrois études de figures au pied d'une crucifixionFrancis Bacon
22%
Vue du petit port de LorientLe BerceauEugène Manet à l'île de WightBerthe Morisot
21%
Portrait de Madame Josette GrisNature morte à la nappe à carreauxViolon et guitareJuan Gris
21%
Río JuchitánL'Homme contrôleur de l'universÉpopée du peuple mexicainDiego Rivera
20%
La danse des nymphesLe Pont de NarniLa Femme à la perleJean-Baptiste Camille Corot
20%
Horn PlayersUntitled (Boxer)Riding with deathJean-Michel Basquiat
20%
Nu descendant un escalierLe Passage de la Vierge à la mariéePortrait de joueurs d'échecsMarcel Duchamp
20%
Drowning GirlLook MickeyWhaam!Roy Lichtenstein
20%
La Partie de cartesLe Réveil-matinBallet mécaniqueFernand Léger
19%
La LectureUn Atelier aux BatignollesLa Famille DubourgHenri Fantin-Latour
19%
Légende du maraisAngelus NovusLa Machine à gazouillerPaul Klee
19%
L'Eléphant de CélèbesForêt et colombeL'Oeil du silenceMax Ernst
17%
AntibesFemmes au puitsThe Port of Saint-TropezPaul Signac
17%
Peinture 162 × 130 cm, 14 avril 1962B-Walnut StainGouache 2004 B-7Pierre Soulages
17%
Les Folles: La MariéeTête de clownLa Casserole rougeBernard Buffet
16%
La Fée ElectricitéTrouvilleAnemonesRaoul Dufy
16%
Le DonPont de Charing CrossLe Séchage des voilesAndré Derain
14%
Nu dans la baignoireGrande Salle à manger dans le jardinLe Bol de laitPierre Bonnard
14%
Portrait de Walburga NeuzilMort et jeune filleFour TreesEgon Schiele
13%
A Bigger SplashGarrowby HillMr and Mrs Clark and PercyDavid Hockney
12%
Black Iris IIIAbstraction white roseJimson WeedGeorgia O'Keeffe
12%
Formes circulairesLa Ville de ParisFenêtres simultanéesRobert Delauney
11%
Pont sur le Rhin à CologneScène de rue à BerlinTrois BaigneusesErnst Ludwig Kirchner
10%
Coucher de soleil no. 1Le GoûterL'Oiseau bleuJean Metzinger
6%
Ciel avec clair de luneBrume matinaleSoleil couchant sur la bruyèreAdrien-Joseph Heymans
5%

Distribution des résultats

Percentile par nombre de réponses

% des personnes avec chaque résultat

Votre développement - résultats

Vous n’avez pas pris ce quiz